000
00297nam a22001097a 4500
082
_a
808.1 GOL'I
100
_a
JONES, FRANK
_9
57771
245
_a
THE GOLDEN BOOKS OF ENGLISH VERSE A GRADUATED COURSE FOR CLASS STUDY BOOK-3
260
_a
LONDON
_b
BLACKI & SONS
_c
1970
300
_a
166P
942
_c
BK
999
_c
568028
_d
568028